A választási nagygyűlésen mondott beszéd
Elmentve itt :
| Szerző: | |
|---|---|
| Dokumentumtípus: | Cikk |
| Megjelent: |
1971-04-10
|
| Sorozat: | Délmagyarország
61 No. 85 |
| Online Access: | http://dmarchiv.bibl.u-szeged.hu/91140 |
| LEADER | 00427nab a2200145 i 4500 | ||
|---|---|---|---|
| 001 | delm91140 | ||
| 005 | 20190424134103.0 | ||
| 008 | 190424s1971 hu o 0|| hun d | ||
| 040 | |a SZTE Délmagyarország Archívum |b hun | ||
| 041 | |a hun | ||
| 100 | 1 | |a Apró Antal | |
| 245 | 1 | 2 | |a A választási nagygyűlésen mondott beszéd |h [elektronikus dokumentum] / |c Apró Antal |
| 260 | |c 1971-04-10 | ||
| 300 | |a 3 | ||
| 490 | 0 | |a Délmagyarország |v 61 No. 85 | |